000 00664nam a22002297a 4500
003 UA-OsUOA
001 62000
007 ta
008 20070406b un ||||| |||| 00| 0 ukr d
090 _a94(477)
_bН17
942 _cBK
040 _aUA-OsUOA
_bukr
_cUA-OsUOA
_dUA-OsUOA
245 _aНаддніпрянська Україна
_bЗб.наук.пр.
300 _a304 с.
955 _a1
041 _aukr
080 _a94(477)
260 _aДніпропетровськ
_c2007
246 3 1 _aісторичні процеси, події, постаті
_n
650 7 _a9 Географія. Біографії. Історія
_2UDC
999 _c347994
_d347994